|
|
|
|
| LEADER |
00000cam a2200000 a 4500 |
| 001 |
vtls001426546 |
| 003 |
SK-MaSNL |
| 005 |
20260301202618.0 |
| 008 |
251117s2001 xo a r 000 0 slo |
| 015 |
|
|
|a SNBA2002/05-01870
|
| 020 |
|
|
|a 8022715042
|
| 035 |
|
|
|a SNK000381493
|
| 035 |
|
|
|a urn:nbn:sk:snk-amyar2
|
| 035 |
|
|
|a urn:nbn:sk:snk-am00c871
|
| 035 |
|
|
|a 84A89C27-EA35-4A8D-B214-8A48393D1372
|
| 040 |
|
|
|a SNK
|b slo
|c SNK
|e AACR2
|
| 041 |
0 |
|
|a slo
|
| 044 |
|
|
|a xo
|c SK
|
| 080 |
|
|
|a 517(075.8)
|2 1981
|
| 100 |
1 |
|
|a Bock, Igor,
|d 1947-
|4 aut
|9 212105
|
| 245 |
1 |
0 |
|a Diferenciálne rovnice
|c Igor Bock, Ľubomír Marko
|
| 250 |
|
|
|a 2. vyd.
|
| 260 |
|
|
|a V Bratislave
|b Slovenská technická univerzita
|c 2001
|
| 300 |
|
|
|a 167 s.
|b sch.
|c 29 cm
|
| 366 |
|
|
|e 500 výtl.
|
| 490 |
1 |
|
|a Edícia skrípt
|
| 504 |
|
|
|a Obsahuje bibliografiu
|
| 650 |
0 |
7 |
|a diferenciálne rovnice
|2 SNKPH
|9 63334
|
| 655 |
|
7 |
|a učebnice vysokých škôl
|2 SNKPH
|9 70191
|
| 700 |
1 |
|
|a Marko, Ľubomír,
|d 1952-
|4 aut
|9 195122
|
| 752 |
|
|
|a Slovensko
|d Bratislava
|
| 810 |
2 |
|
|a Slovenská technická univerzita v Bratislave.
|b Fakulta elektrotechniky a informatiky
|t Edícia skrípt
|9 180678
|
| 852 |
|
|
|a Slovenská národná knižnica
|
| 919 |
|
|
|a 80-227-1504-2
|
| 958 |
|
|
|a TL
|
| 958 |
|
|
|a NB
|
| 958 |
|
|
|a UV
|
| 958 |
|
|
|a OND
|
| 999 |
|
|
|c 899475
|d 901405
|
| 952 |
|
|
|t P60, <03>, [BOOK], {603}
|a SNK
|b SNK
|y PREZ
|7 0
|p 17A0326992
|o snkSB 64348
|i snkKSP 287/2002
|0 0
|1 0
|4 0
|d 2002-01-11
|f 1
|l 0
|r 2025-04-14 00:00:00
|w 2026-02-24
|
| 952 |
|
|
|t P60, <04>, [BOOK], {604}
|a SNK
|b SNK
|y VYP
|7 0
|p 17A0326993
|o snkSB 64348 D1
|i snkKSP 288/2002
|0 0
|1 0
|4 0
|d 2002-01-11
|l 0
|r 2005-01-02 00:00:00
|w 2026-02-24
|